Early Indian economics: studies in the economic life of northern and western India, c200 B.C. - 300 A.D. (Record no. 357140)

000 -LEADER
fixed length control field 00419cam a22001217a 4500
008 - FIXED-LENGTH DATA ELEMENTS--GENERAL INFORMATION
fixed length control field 180718b1966 xxu||||| |||| 00| 0 eng d
082 ## - DEWEY DECIMAL CLASSIFICATION NUMBER
Classification number T19x5401 Ad43
100 ## - MAIN ENTRY--PERSONAL NAME
Personal name Adhya, G.L.
245 ## - TITLE STATEMENT
Title Early Indian economics: studies in the economic life of northern and western India, c200 B.C. - 300 A.D.
Statement of responsibility, etc. by G.L. Adhya
260 ## - PUBLICATION, DISTRIBUTION, ETC.
Place of publication, distribution, etc. Bombay
Name of publisher, distributor, etc. Asia
Date of publication, distribution, etc. 1966
300 ## - PHYSICAL DESCRIPTION
Extent 219p.
650 ## - SUBJECT ADDED ENTRY--TOPICAL TERM
Topical term or geographic name entry element India - Economic Conditions - To 1200 A.D.
Holdings
Withdrawn status Lost status Damaged status Not for loan Permanent Location Current Location Date acquired Full call number Barcode Date last seen Price effective from Koha item type
        Indian Institute of Public Administration Indian Institute of Public Administration 1994-01-12 T19x5401 Ad43 39863 2018-07-21 2018-07-21 Book

Powered by Koha